000 00438cam a2200157 a 4500
020 _a0393962873 (v. 1)
020 _a0393962881 (v. 1 : pbk.)
050 0 0 _aPR 1109
_b.N6 1993
245 0 4 _aThe Norton anthology of English literature /
_cM.H. Abrams, general editor.
250 _a6th ed.
260 _aNew York :
_bNorton,
_cc1993-
300 _av. <1 > ;
500 _aIncludes index.
700 1 _aAbrams, M. H.
942 _2lcc
_cGEN
999 _c13172
_d13172